| 000 | 00338nam a22001337a 4500 | ||
|---|---|---|---|
| 005 | 20250915142003.0 | ||
| 008 | 250915b |||||||| |||| 00| 0 eng d | ||
| 050 |
_aBV4501 _b.2 LIN |
||
| 100 | _aLINDSAY GORDON | ||
| 245 | _aHOW YOUMAY A SUCCESSFUL CHRISTIAN | ||
| 260 | _bCHRIST FOR THE NATIONS INC. | ||
| 300 | _a29p | ||
| 942 |
_2lcc _cBK _n0 |
||
| 999 |
_c7556 _d7556 |
||